LEADER 04826oas 2201693 a 450 001 9910132024403321 005 20260127111030.0 011 $a1471-1842 035 $a(DE-599)ZDB2006361-1 035 $a(OCoLC)47806194 035 $a(CONSER) 2002252572 035 $a(CKB)110978978557759 035 $a(DE-599)2006361-1 035 $a(EXLCZ)99110978978557759 100 $a20010820a20019999 sy 101 0 $aeng 135 $aurcnu|||||||| 181 $ctxt$2rdacontent 182 $cc$2rdamedia 183 $acr$2rdacarrier 200 10$aHealth information and libraries journal $ethe official journal of the Health Libraries Group of the Library Association 210 $aOxford, UK $cBlackwell Science$dİ2001- 300 $aRefereed/Peer-reviewed 300 $aTitle from contents page (viewed Mar. 15, 2002). 311 08$a1471-1834 517 1 $aHealth information & libraries journal 606 $aMedical libraries$vPeriodicals 606 $aPublic health libraries$vPeriodicals 606 $aLife sciences libraries$vPeriodicals 606 $aMedical libraries$zGreat Britain$vPeriodicals 606 $aPublic health libraries$zGreat Britain$vPeriodicals 606 $aInformation science$vPeriodicals 606 $aLibraries, Medical 606 $aMe?decine$xBibliothe?ques$vPe?riodiques 606 $aSante? publique$xBibliothe?ques$vPe?riodiques 606 $aSciences de la vie$xBibliothe?ques$vPe?riodiques 606 $aMe?decine$xBibliothe?ques$zGrande-Bretagne$vPe?riodiques 606 $aSante? publique$xBibliothe?ques$zGrande-Bretagne$vPe?riodiques 606 $aSciences de l'information$vPe?riodiques 606 $aMe?decine$xBibliothe?ques 606 $aMedical Libraries$2ebps$3(uri) http://id.worldcat.org/fast/fst01014324 606 $aInformation science$2fast$3(OCoLC)fst00972640 606 $aLife sciences libraries$2fast$3(OCoLC)fst00998354 606 $aMedical libraries$2fast$3(OCoLC)fst01014324 606 $aPublic health libraries$2fast$3(OCoLC)fst01082376 606 $aMedizinische Bibliothek$2gnd 606 $aZeitschrift$2gnd 606 $aOnline-Ressource$2gnd 607 $aGreat Britain$2fast$1https://id.oclc.org/worldcat/entity/E39PBJdmp7p3cx8hpmJ8HvmTpP 608 $aPeriodicals.$2fast 608 $aPeriodicals.$2lcgft 615 0$aMedical libraries 615 0$aPublic health libraries 615 0$aLife sciences libraries 615 0$aMedical libraries 615 0$aPublic health libraries 615 0$aInformation science 615 2$aLibraries, Medical. 615 6$aMe?decine$xBibliothe?ques 615 6$aSante? publique$xBibliothe?ques 615 6$aSciences de la vie$xBibliothe?ques 615 6$aMe?decine$xBibliothe?ques 615 6$aSante? publique$xBibliothe?ques 615 6$aSciences de l'information 615 6$aMe?decine$xBibliothe?ques. 615 7$aMedical Libraries. 615 7$aInformation science. 615 7$aLife sciences libraries. 615 7$aMedical libraries. 615 7$aPublic health libraries. 615 7$aMedizinische Bibliothek 615 7$aZeitschrift. 615 7$aOnline-Ressource 676 $a026.61 712 02$aLibrary Association.$bHealth Libraries Group, 801 0$bKKU 801 1$bKKU 801 2$bOCLCQ 801 2$bWAU 801 2$bOCLCQ 801 2$bF#A 801 2$bOCLCQ 801 2$bOCLCS 801 2$bOCLCQ 801 2$bVRC 801 2$bOCLCQ 801 2$bMYG 801 2$bOCLCQ 801 2$bOCLCF 801 2$bNLGGC 801 2$bEUW 801 2$bOCLCO 801 2$bOCLCQ 801 2$bDEFHM 801 2$bOCLCO 801 2$bOCLCA 801 2$bZ5A 801 2$bOCLCO 801 2$bOCLCA 801 2$bWT2 801 2$bOCLCO 801 2$bNLE 801 2$bOCLCA 801 2$bBUF 801 2$bOCLCO 801 2$bOCLCQ 801 2$bOCLCA 801 2$bU3W 801 2$bOCLCO 801 2$bOCLCA 801 2$bOCLCQ 801 2$bTOF 801 2$bOCLCO 801 2$bWYU 801 2$bOCLCO 801 2$bUKMGB 801 2$bOCLCA 801 2$bVT2 801 2$bOCLCO 801 2$bOCLCQ 801 2$bLEAUB 801 2$bOCLCO 801 2$bOCLCA 801 2$bNJT 801 2$bOCLCQ 801 2$bOCLCA 801 2$bLDP 801 2$bUBY 801 2$bOCLCO 801 2$bSFB 801 2$bCNMTR 801 2$bOCLCQ 801 2$bOCLCL 801 2$bOCLCA 801 2$bOCLCL 801 2$bCNTRU 801 2$bCSU 801 2$bLIP 801 2$bXFH 801 2$bOCLCQ 906 $aJOURNAL 912 $a9910132024403321 996 $aHealth information and libraries journal$91960578 997 $aUNINA